Statystyki dla jakiego to kraju countryball

Kliknij tutaj aby rozwiązać quiz!

Ogólne statystyki

  • Ten quiz został rozwiązany 213 razy
  • Średni wynik to 7 z 9

Statystyki odpowiedzi

Odpowiedź% Poprawnych
Gruzja
92%
Polska
92%
Ukraina
90%
Stany Zjednoczone
89%
Wielka Brytania
87%
Izrael
84%
Kazachstan
84%
Algieria
75%
Imperium Niemieckie
21%

Rozkład punktacji

Percentyl według liczby udzielonych odpowiedzi

Procent ludzi z każdym wynikiem

Twoja historia wyników

Nie rozwiązałeś tego quizu